Test Miss France 2021 - Culture générale - Statistiques

Statistiques générales
  • Ce quiz a été pris 1 000 fois
  • Le résultat moyen est 24 sur 40
Statistiques - réponses
Question Réponse % Correct
9) Qui était Jean Moulin ? Un résistant
89%
8) En France, quelle institution regroupe le Sénat et l’Assemblée Nationale ? Le Parlement
86%
3) Qui a écrit “Les Trois Mousquetaires” ? Alexandre Dumas
85%
11) Quel animal à écailles a-t-on accusé d’avoir transmis le coronavirus à l’Homme ? Le pangolin
85%
19) Quelle course à la voile s’est élancée des Sables-d’Olonne le mois dernier ? Le Vendée Globe
84%
34) Sous quel pseudo est connue l’influenceuse Léna Mahfouf ? Léna Situations
80%
36) À quels humoristes doit-on la chanson “Auteuil-Neuilly-Passy” ? Les Inconnus
78%
27) Qui est la dernière Française à avoir reçu un Oscar de la Meilleure Actrice ? Marion Cotillard
76%
20) Quelle fonctionnalité permettant de poster des vidéos l’application Instagram a-t-elle lancée en juin 2020 ? Les Reels
74%
10) Quel personnage de roman chante “Je suis tombé par terre c’est la faute à Voltaire” ? Gavroche
73%
14) Quel champion du monde de foot 1998 a eu la fierté de voir son fils intégrer l’équipe de France en novembre 2020 ? Lilian Thuram
73%
7) En 2011, quel territoire est devenu le 101e département français ? Mayotte
73%
18) En février 2020, quelle chanteuse a reçu la Victoire de la Musique de l’Artiste Interprète féminine ? Clara Luciani
72%
37) Qu’est-ce qu’un MOF ? Un Meilleur Ouvrier de France
72%
4) Quelle ville s’appelait autrefois Lutèce ? Paris
71%
6) Comment s’appelle la toute première Vice-Présidente des États-Unis, élue en novembre 2020 ? Kamala Harris
70%
15) Quel ministère est dirigé par Éric Dupond-Moretti ? La Justice
69%
17) Quelle animatrice télé a lancé son magazine féminin en novembre dernier ? Sophie Davant
69%
21) Quelle série française connaît un vrai succès à l’étranger sous le nom “Call My Agent” ? “Dix Pour Cent”
68%
22) Quel monument parisien réalisé par Ieoh Ming Pei est célèbre dans le monde entier ? La Pyramide du Louvre
67%
13) Quel couturier célèbre a ému le monde de la mode en organisant son dernier défilé en janvier 2020 ? Jean-Paul Gaultier
61%
26) Quelle femme française dirigea le Fonds Monétaire International (FMI) jusqu’en 2019 ? Christine Lagarde
57%
24) Cette année, quelle artiste française s’est classée en tête du Billboard américain grâce à la série “Emily In Paris” ? Édith Piaf
57%
5) En mathématiques, comment appelle-t-on la demi-droite qui partage un angle en deux angles égaux ? La bissectrice
56%
39) Quelle est la nationalité du vainqueur du Tour de France 2020 ? Slovène
49%
32) Qu’est-ce que le Pouilly fumé ? Un vin
48%
28) Quel auteur-compositeur-interprète-réalisateur-graphiste français a réalisé des clips de Katy Perry, Lana Del Rey et Drake ? Woodkid
48%
2) Dans l’Histoire de France, quel souverain était surnommé "l’empereur à la barbe fleuri"”? Charlemagne
47%
29) Quelle actrice incarne Madeleine Swann dans le prochain film de la saga “James Bond” ? Léa Seydoux
46%
35) Depuis 1967, quelle ville française abrite le secrétariat du père Noël ? Libourne
44%
40) Selon les règles de savoir-vivre, on ne doit pas dire "bon appétit" au début d’un repas. Que doit-on dire à la place ? Surtout ne rien dire
43%
30) Quel écrivain contemporain français est le plus lu dans le monde ? Marc Lévy
42%
25) Quel PDG français est l’époux de l’actrice Salma Hayek ? François-Henri Pinault
40%
1) En quelle année eut lieu la toute première représentation de la Cinéscénie du Puy du Fou ? 1978
39%
31) Quel était le nom de la 1re Miss élue en 1920 ? Agnès Souret
38%
38) Quel est le quotidien d’information le plus diffusé en France ? Ouest France
35%
12) Quel acteur incarne Alex, le héros du film ’Miss”  ? Alexandre Wetter
32%
23) À Menton, qui est le chef du Mirazur, le meilleur restaurant du monde en 2019 ? Mauro Colagreco
28%
33) Dans quelle région sont tournées les séries “Demain nous appartient” et “Ici tout commence” ? Occitanie
28%
6) Quel architecte a conçu et construit la Galerie des Glaces au Château de Versailles ? Jules Hardouin-Mansart
26%
Aucun quiz correspondant
Distribution des résultats
% des personnes avec chaque résultat
Percentile par nombre de réponses
Votre historique - résultats
Vous n’avez pas pris ce quiz